LEADER 00914nam0-22003371i-450- 001 990000155560403321 005 20030108124855.0 010 $a88-420-5636-7 035 $a000015556 035 $aFED01000015556 035 $a(Aleph)000015556FED01 035 $a000015556 100 $a20020821d1999----km-y0itay50------ba 101 0 $aita 102 $aIT 200 1 $aFondamenti di urbanistica$ela storia e la norma$fEdoardo Salzano 205 $a2.ed. 210 $aBari$cLaterza$d1999 215 $aXI, 285 p.$cill.$d24 cm 225 1 $aGrandi opere 610 0 $aUrbanistica$aItalia$aStoria 676 $a711.0945 700 1$aSalzano,$bEdoardo$09584 801 0$aIT$bUNINA$gRICA$2UNIMARC 901 $aBK 912 $a990000155560403321 952 $a13 58 24$b12627$fFINBC 952 $a13 E 04 22$b12753$fFINBC 959 $aFINBC 996 $aFondamenti di urbanistica$961449 997 $aUNINA LEADER 02084nam 2200373 450 001 9910729789303321 005 20230730091339.0 024 7 $a10.3390/books978-3-0365-7816-3 035 $a(CKB)4960000000468952 035 $a(NjHacI)994960000000468952 035 $a(EXLCZ)994960000000468952 100 $a20230730d2023 uy 0 101 0 $aeng 135 $aur||||||||||| 181 $ctxt$2rdacontent 182 $cc$2rdamedia 183 $acr$2rdacarrier 200 00$aCatholic Education /$fedited by Pawe? Ma?kosa 210 1$aBasel, Switzerland :$cMDPI - Multidisciplinary Digital Publishing Institute,$d2023. 215 $a1 online resource (262 pages) 311 $a3-0365-7816-1 330 $aCatholic education faces many challenges, mainly due to secularisation. This applies to both content and methods, as well as teacher training. In response to these challenges, the publication titled "Catholic Education" has been prepared. This topic is understood very broadly and includes all dimensions of education provided within the Catholic Church, in Catholic schools and Catholic communities around the world. The main aim of this reprint is to specify and answer new challenges for Catholic education and Catholic religious education that arise from secularisation and other reasons. This reprint contains 17 chapters authored by researchers from various countries and different traditions. Drawing from their diverse experiences, they not only address the issues within their own environments but also analyse global problems. Papers presenting Catholic education and Catholic religious education in historical, contemporary, and future perspectives are also present. 606 $aReligious education$xTeaching methods 606 $aChristian education 615 0$aReligious education$xTeaching methods. 615 0$aChristian education. 676 $a268 702 $aMa?kosa$b Pawe? 801 0$bNjHacI 801 1$bNjHacl 906 $aBOOK 912 $a9910729789303321 996 $aCatholic education$92233195 997 $aUNINA LEADER 02500nam 2200625Ia 450 001 9910780025103321 005 20230607213640.0 010 $a1-282-38754-5 010 $a9786612387548 010 $a0-85199-706-6 035 $a(CKB)111056486820630 035 $a(EBL)474351 035 $a(OCoLC)51336923 035 $a(SSID)ssj0000100464 035 $a(PQKBManifestationID)11122576 035 $a(PQKBTitleCode)TC0000100464 035 $a(PQKBWorkID)10037241 035 $a(PQKB)10630908 035 $a(MiAaPQ)EBC474351 035 $a(Au-PeEL)EBL474351 035 $a(CaPaEBR)ebr10058883 035 $a(EXLCZ)99111056486820630 100 $a20040811d2002 my 0 101 0 $aeng 135 $aur|n|---||||| 181 $ctxt 182 $cc 183 $acr 200 00$aAgricultural biotechnology$b[electronic resource] $ecountry case studies : a decade of development /$fedited by Gabrielle J. Persley, L. Reginald MacIntyre 210 $aNew York $cCABI$dc2002 215 $a1 online resource (248 p.) 225 1 $aBiotechnology in agriculture ;$vno. 25 300 $aDescription based upon print version of record. 311 $a0-85198-816-4 320 $aIncludes bibliographical references and index. 327 $aContents; Contributors; Foreword; Preface; Acknowledgements; Acronyms and Abbreviations; Dedication; I Introductory Review; 1 Agricultural Biotechnology: Global Challenges and Emerging Science; II Asia/Pacific; 2 China; 3 India; 4 Indonesia; 5 Pakistan; 6 Philippines; 7 Thailand; III Africa; 8 Egypt; 9 Kenya; 10 Zimbabwe; IV Latin America; 11 Brazil; 12 Colombia; 13 Costa Rica; Index 330 $aPresents further material generated by the World Bank/ISNAR/Australian government biotechnology study. The volume covers the present status and future prospects for the application of biotechnology to solve agricultural and environmental problems in 12 countries. 410 0$aBiotechnology in agriculture series ;$v25. 606 $aAgricultural biotechnology 606 $aBiotechnology 615 0$aAgricultural biotechnology. 615 0$aBiotechnology. 676 $a630 676 $a631.5 676 $a631.5/23 676 $a631.523 701 $aPersley$b G. J$078650 701 $aMacIntyre$b Reginald$01539739 801 0$bMiAaPQ 801 1$bMiAaPQ 801 2$bMiAaPQ 906 $aBOOK 912 $a9910780025103321 996 $aAgricultural biotechnology$93790785 997 $aUNINA